000 00625nam a2200241Ia 4500
003 OSt
005 20220924114222.0
006 a|||||r|||| 00| 0
007 ta
008 220923b |||||||| |||| 00| 0 urd d
020 _c9.00
024 _a315693
037 _cTextual
040 _aARTS
_cARTS
_burd
041 _2urd
_aurd
082 _aO168,1N32x, L0
100 _aZafar Iqbal
_9172465
245 0 _aRutb-o-yabas
260 _aAllahabad
_bShabkhoon Kitab Ghar India
_c1970
650 _aURDU POETRY
942 _hO168,1N32x, L0
_cTEXL
_2CC
999 _c392522
_d392522